LEADER 01320nam a2200277 u 4500 001 000000092353 003 CaOOAMICUS 005 20070226124929.0 008 060606s1996 cau u000 u eng u 020 $a0-7879-0230-6 035 $a11091673 040 $aPUL$bita 100 1 $aGreenleaf, Robert K.$0(OLS)http://pul/name/59583 245 10$aOn becoming a servant-leader :$bthe private writings of Robert K. Greenleaf /$cRobert K. Greenleaf ; Don M.Frick, Larry C. Spears,editors; Foreword by Peter F. Drucker. 260 $aSan Francisco :$bJossey-Bass Publishers,$cc1996. 300 $axx, 394 p. ;$c24 cm 504 $aInclude indice e riferimenti bibliografici. 650 4$aLeadership.$0(OLS)http://pul/subject/26399 700 1 $aSpears, Larry C.$0(OLS)http://pul/name/59585 700 1 $aFrick, Don M.$0(OLS)http://pul/name/59584 850 $aPUL 852 $aPUL$W1$xSL Diritto e Scienze Sociali 3$y79$m303. 3 GRERO$j116163$nBK-PRI$b $qDDC 21$B116163$CPULBib$Z2$F116163 $HPUL101174 $81 941 1 $a9 996 $6020$a0-7879-0230-6$9(OLS)http://pul/number/121341 996 $6245$aOn becoming a servant-leader :$bthe private writings of Robert K. Greenleaf$9(OLS)http://pul/title/119187 996 $6260$aSan Francisco :$bJossey-Bass Publishers$9(OLS)http://pul/publisher/79093 LEADER 01297nam a2200301 a 4500 001 000000170993 003 CaOOAMICUS 005 20181210092413.0 008 181210s1993 xxua u000 u eng r 020 $a0-316-54556-2* 032 $aLibriCat 040 $aPUL$bita 082 14$a940 100 1 $aManchester, William.$0(OLS)http://pul/name/36794 245 12$aA world lit only by fire : $bthe medieval mind and the renaissance : portrait of an age / $cWilliam Manchester . 260 $aBoston :$bLittle, Brown and Company,$cİ1993. 300 $a322 p. : $bill. ; $c21 cm. 490 1 $aBack bay books 651 4$aEuropa$xStoria$ySec. XIV-XV.$0(OLS)http://pul/subject/19716 830 0$aBack bay books.$0(OLS)http://pul/title/211853 850 $aPUL 852 $aPUL$W1$xDP2 Filosofia 3$y112$m940 MANWI 1$j194424$qDDC 21$B199543$CPULBib$Z2$F199543 $H131946 $81 941 1 $a9 996 $6020$a0-316-54556-2*$9(OLS)http://pul/number/165550 996 $6082$a940$9(OLS)http://pul/classification/551 996 $6245$aA world lit only by fire : $bthe medieval mind and the renaissance : portrait of an age / $9(OLS)http://pul/title/211852 996 $6260$aBoston :$bLittle, Brown and Company$9(OLS)http://pul/publisher/65894